Hinduja foundation encyclopaedia of nobel laureates 1901-1987 (Record no. 9819)

MARC details
000 -LEADER
fixed length control field 00635nam a2200193Ia 4500
003 - CONTROL NUMBER IDENTIFIER
control field IN-BaIIA
008 - FIXED-LENGTH DATA ELEMENTS--GENERAL INFORMATION
fixed length control field 211028s9999 xx 000 0 eng d
020 ## - INTERNATIONAL STANDARD BOOK NUMBER
International Standard Book Number 81-220-0099-1
040 ## - CATALOGING SOURCE
Transcribing agency IIA Library
080 ## - UNIVERSAL DECIMAL CLASSIFICATION NUMBER
Universal Decimal Classification number 0.0021412847222222224
Item number BAG
100 ## - MAIN ENTRY--PERSONAL NAME
Personal name Bagchi, A. K.
9 (RLIN) 16627
245 #0 - TITLE STATEMENT
Title Hinduja foundation encyclopaedia of nobel laureates 1901-1987
Statement of responsibility, etc. A. K. Bagchi
260 ## - PUBLICATION, DISTRIBUTION, ETC.
Place of publication, distribution, etc. Delhi
Name of publisher, distributor, etc. Konark Publishers
Date of publication, distribution, etc. 1990
300 ## - PHYSICAL DESCRIPTION
Extent xxvi, 632p.
650 ## - SUBJECT ADDED ENTRY--TOPICAL TERM
Topical term or geographic name entry element Encyclopedia-Nobel Laureates
9 (RLIN) 16628
650 ## - SUBJECT ADDED ENTRY--TOPICAL TERM
Topical term or geographic name entry element NASA Thesaurus
650 ## - SUBJECT ADDED ENTRY--TOPICAL TERM
Topical term or geographic name entry element Nobel Laureates Encyclopedia
9 (RLIN) 16629
942 ## - ADDED ENTRY ELEMENTS (KOHA)
Koha item type Books
Holdings
Withdrawn status Lost status Damaged status Not for loan Home library Current library Shelving location Date acquired Cost, normal purchase price Total Checkouts Full call number Barcode Date last seen Cost, replacement price Price effective from Koha item type Purchase Price
        IIA Library-Bangalore IIA Library-Bangalore General Stacks   500.00   03:5.007/ BAG 10729 05/11/2021 500.00   Books Rs. 500

Powered by Koha